000 00303nam a22001217a 4500
040 _cSY
082 _a631
100 _aវឹង សេដ្ឋា
245 _aការគ្រប់គ្រងនិងអភិរក្សដី
260 _aRUA
_bវឹង
_c2011
300 _a45p.
942 _cKB
999 _c9309
_d9309